MARC

Tag First Indicator Second Indicator Subfields
LEADER 00000cgm a2200000Mi 4500
001 in00002846713
005 20190331170810.0
006 m c
007 cr |n|---||a|a
007 vz |z|zu|
008 880209p19871948nju147 g o vleng d
035 |a (OCoLC)ocn630566962 
035 |a (OCoLC)630566962 
040 |a ALSTP  |b eng  |c ALSTP  |d NUI  |d XFF  |d CEF  |d OCLCQ  |d VMC  |d UtOrBLW 
049 |a TXAM 
050 1 4 |a AE5  |b .A860 Internet 
245 0 0 |a Hamlet /  |c by William Shakespeare ; directed by Laurence Olivier. 
246 3 |a Laurence Olivier's Hamlet 
264 1 |a Princeton, NJ :  |b Films for the Humanities & Sciences,  |c 1987. 
300 |a 1 streaming video (approximately 147 min.) 
336 |a two-dimensional moving image  |b tdi  |2 rdacontent 
337 |a computer  |b c  |2 rdamedia 
338 |a online resource  |b cr  |2 rdacarrier 
500 |a Originally published as a videocassette. 
500 |a Title on cassette: Laurence Olivier's Hamlet. 
500 |a Academy Award winner in 1948 for : best picture, best actor (Laurence Olivier), best art direction. 
508 |a Photographer, Desmond Dickinson ; editor, Helga Cranston ; music, William Walton ; designer, Roger K. Furse ; art director, Carmen Dillon ; text editor, Alan Dent. 
511 0 |a Music conducted by Muir Mathieson ; played by the Philharmonia Orchestra. 
511 1 |a Laurence Olivier (Hamlet), Felix Aylmer (Polonius), Jean Simmons (Ophelia), Eileen Herlie (Gertrude), Stanley Holloway (Gravedigger), Anthony Quayle (Marcellus), Basil Sydney (Claudius), Norman Wooland (Horatio), Terence Morgan (Laertes). 
518 |a Originally issued as a motion picture by Two Cities, Britain, 1948, as a Laurence Olivier production. 
520 |a Performance of Shakespeare's Hamlet. 
500 |a Electronic resource. 
600 1 0 |a Shakespeare, William,  |d 1964-1616  |x Film adaptations. 
650 0 |a Revenge  |v Drama. 
650 0 |a Feature films. 
655 7 |a Nonfiction films.  |2 lcgft 
655 7 |a Documentary films.  |2 lcgft 
655 7 |a Internet videos.  |2 lcgft 
655 7 |a Feature films.  |2 lcgft 
700 1 |a Olivier, Laurence,  |d 1907-1989. 
700 1 |a Simmons, Jean,  |d 1929-2010. 
700 1 2 |a Shakespeare, William,  |d 1564-1616.  |t Hamlet. 
710 2 |a Films for the Humanities (Firm) 
830 0 |a Theatre in video. 
856 4 0 |u http://proxy.library.tamu.edu/login?url=http://www.aspresolver.com/aspresolver.asp?ATIV;657516  |z Connect to this online video  |t 0 
994 |a 92  |b TXA 
999 |a MARS 
999 f f |s 3907b947-4e56-3258-985c-9219f6534338  |i 6a3ddb10-bb47-3a6d-9cc6-d3c90f8a8725  |t 0 
952 f f |a Texas A&M University  |b College Station  |c Electronic Resources  |d Available Online  |t 0  |e AE5 .A860 Internet  |h Library of Congress classification 
998 f f |a AE5 .A860 Internet  |t 0  |l Available Online